AFIRMAR A LA PERSONA POR SI MISMA : (Registro nro. 46649)
[ vista simple ]
| 000 -LEADER | |
|---|---|
| fixed length control field | 01134nam a2200205 a 4500 |
| 001 - CONTROL NUMBER | |
| control field | 46649 |
| 005 - DATE AND TIME OF LATEST TRANSACTION | |
| control field | 20180714030311.0 |
| 008 - FIXED-LENGTH DATA ELEMENTS--GENERAL INFORMATION | |
| fixed length control field | 140415s2003 mx 000 0 spa d |
| 020 ## - INTERNATIONAL STANDARD BOOK NUMBER | |
| International Standard Book Number | 970644338X |
| 041 ## - LANGUAGE CODE | |
| Language code of text/sound track or separate title | spa |
| 082 ## - DEWEY DECIMAL CLASSIFICATION NUMBER | |
| Classification number | 128 |
| Item number | GUE |
| 100 1# - MAIN ENTRY--PERSONAL NAME | |
| Personal name | GUERRA LOPEZ, RODRIGO |
| 245 10 - TITLE STATEMENT | |
| Title | AFIRMAR A LA PERSONA POR SI MISMA : |
| Remainder of title | LA DIGNIDAD COMO FUNDAMENTO DE LOS DERECHOS DE LA PERSONA |
| 250 ## - EDITION STATEMENT | |
| Edition statement | 1a ed. |
| 260 ## - PUBLICATION, DISTRIBUTION, ETC. | |
| Place of publication, distribution, etc. | MEXICO : |
| Name of publisher, distributor, etc. | COMISION NACIONAL DE LOS DERECHOS HUMANOS, |
| Date of publication, distribution, etc. | 2003 |
| 300 ## - PHYSICAL DESCRIPTION | |
| Extent | 219 |
| Dimensions | 20.8 x 13.5 x 1.2 |
| 520 ## - SUMMARY, ETC. | |
| Summary, etc. | ENSAYAR UNA FUNDAMENTACIŇN FILOSŇFICA DE LOS DERECHOS HUMANOS NO ES UNA EMPRESA FÁCIL. SI BIEN DURANTE MUCHOS SIGLOS LA FUNDAMENTACIŇN PARECIŇ ESENCIAL A TODO PENSAMIENTO RIGUROSO, EN LA ACTUALIDAD EL DESENCANTO ENTE LA MODERNIDAD HA MINADO ESTE TIPO DE ESFUERZO AUN CUANDO ÉSTOS NO SE IDENTIFIQUEN UNÄšVOCAMENTE CON ELLA. NO SŇLO LOS FILŇSOFOS POSMODERNOS DECLARAN LA INUTILIDAD DE LAS BÚSQUEDAS DE FUNDAMENTO. EN MUCHOS OTROS ESPACIOS Y AMBIENTES LAS EXPLICACIONES RADICALES, ÚLTIMAS O |
| 650 14 - SUBJECT ADDED ENTRY--TOPICAL TERM | |
| Topical term or geographic name entry element | ANTROPOLOGIA FILOSOFICA |
| General subdivision | DIGNIDAD |
| 700 1# - ADDED ENTRY--PERSONAL NAME | |
| Personal name | CARLOS DIAZ |
| Relator term | pról. |
| Withdrawn status | Lost status | Source of classification or shelving scheme | Damaged status | Not for loan | Collection code | Home library | Current library | Shelving location | Date acquired | Source of acquisition | Total Checkouts | Full call number | Barcode | Date last seen | Date last checked out | Price effective from | Koha item type | Inventory number | Total Renewals | Checked out |
|---|---|---|---|---|---|---|---|---|---|---|---|---|---|---|---|---|---|---|---|---|
| Dewey Decimal Classification | General | Biblioteca Karol Wojtyla | Biblioteca Karol Wojtyla | Sala general | 03/12/2013 | Compra | 3 | 128 GUE | 69955 | 05/01/2026 | 06/03/2025 | 03/12/2013 | Libro | 151000000000000000060766 | 2 | |||||
| Dewey Decimal Classification | General | Biblioteca Karol Wojtyla | Biblioteca Karol Wojtyla | Sala general | 03/12/2013 | Compra | 2 | 128 GUE | 69957 | 05/01/2026 | 12/11/2018 | 03/12/2013 | Libro | 151000000000000000060767 | 1 | |||||
| Dewey Decimal Classification | General | Biblioteca Karol Wojtyla | Biblioteca Karol Wojtyla | Sala general | 03/12/2013 | Compra | 1 | 128 GUE | 69956 | 26/06/2006 | 26/06/2006 | 03/12/2013 | Libro | 26/06/2006 | ||||||
| Dewey Decimal Classification | General | Tehuacán | Tehuacán | Sala general | 03/12/2013 | Compra | 323 CDH | 503072 | 08/01/2025 | 19/02/2018 | 03/12/2013 | Libro |